| 000 | 00481nam a2200157 i 4500 | ||
|---|---|---|---|
| 001 | 88087 | ||
| 003 | ES-MaACL | ||
| 005 | 20230906175812.0 | ||
| 007 | t| | ||
| 008 | 050103s1905 fr ||||1| fre d | ||
| 100 | 1 |
_aLagardelle, Hubert. _969558 |
|
| 245 | 1 | 3 |
_aLa gréve generale et le socialisme _b: enquête internationale : opinions et documents / _cHubert Lagardelle. |
| 260 |
_aParis : _bE. Cornely et Cª, _c1905. |
||
| 300 |
_a423 p. ; _c18 cm. |
||
| 852 |
_aES-MaACL _jD-3179 |
||
| 999 |
_c88087 _d88087 |
||